Administrative behavior :a study of decision-making processes in administrative organizations (Record no. 26921)

MARC details
000 -LEADER
fixed length control field 00542nam a2200193Ia 4500
020 ## - INTERNATIONAL STANDARD BOOK NUMBER
ISBN 0684835827
050 ## - CALL MARK
Classification number HD 31 .S56/
100 ## - STATEMENT OF RESPONSIBILITY--MAIN AUTHOR NAME
Personal name Simon, Herbert A.
245 #0 - TITLE STATEMENT
Title Administrative behavior :a study of decision-making processes in administrative organizations
250 ## - EDITION / VOLUME STATEMENT
Edition / Volume statement 2nd ed.
260 ## - PUBLICATION, DISTRIBUTION, ETC. (IMPRINT)
Place of publication New York
260 ## - PUBLICATION, DISTRIBUTION, ETC. (IMPRINT)
Name of publisher Free Press
260 ## - PUBLICATION, DISTRIBUTION, ETC. (IMPRINT)
Year of publication 1957
300 ## - PHYSICAL DESCRIPTION
Number of Pages 259 p
650 ## - SUBJECT ADDED ENTRY--TOPICAL TERM
Topical Term Management Decision making Organizational behavior
942 ## - ADDED ENTRY ELEMENTS (KOHA)
Koha item type Books
Holdings
Withdrawn status Lost status Source of classification or shelving scheme Damaged status Not for loan Permanent Location Current Location Date acquired Accession Number Price effective from Koha item type
    Library of Congress Classification     NILE UNIVERSITY OF NIGERIA - MAIN LIBRARY NILE UNIVERSITY OF NIGERIA - MAIN LIBRARY 04/23/2025 0010342 04/23/2025 Books